00922nam a2200229 a 450000100060000000300090000600800410001502000150005604000280007108200160009910000360011524500280015126000560017930000110023559000490024665000330029565000300032894200120035899900170037095201630038795201420055016097CO-ViMGA141112s2004 ck r 000 u spa d a8484611000 aCO-ViMGAbspacCO-ViMGA04a370.1 R687e1 aRousseau, Jean - Jacques95263010aEmilio o la educación aBarcelona (España) : bEdicomunicaciones s.a.2001 a447.p. aForma de adquisición : Premio - Mincultura14aeducación - TEORIAS91502114aTEORIA - EDUCATIVA923028 2ddccBK c26026d26026 00102ddc40708003aMEVIECARbMEVIECARd2015-12-04hVolumen. 1 | 11/jun/2009l1o370.1 R687e p16097r2016-09-12 00:00:00s2016-07-30tEj. 1w2015-12-04yBK 01102ddc44708003aMEVIECARbMEVIECARd2015-12-04h02/oct/2013l0o370.1 R687e p16097 - 2r2015-12-04 00:00:00tEj. 2w2015-12-04yBK